01449nam0a22002891 4500001001100000005001700011021001900028035002600047100004100073101000800114102000700122105001800129200019400147210003300341215002300374300010200397320003800499606011700537606012100654606009300775700006900868701010300937701006001040801001801100801002201118852001901140rc\342699020250610002716.0 aRUb[72-84397] a(NLR Aleph) 007584590 a20130115d1972 |||y0rusy50 ca0 arus aRU aa z |||||1 aРоль диких животных и кровососущих членистоногих в эпизоотологии листериозаfАН КиргССР. Ин-т биологии aФрунзеcИлимd1972 a123 с.cил.d22 aПеред загл. авт.: Р.В. Гребенюк, П.А. Чиров, А.М. Кадышева aСписок лит.: с. 111-122 aЧленистоногие кровососущиеxЭпизоотологическое значение2psbo aЛистереллез сельскохозяйственных животныхxЭпизоотология2psbo aЖивотные дикиеxЭпизоотологическое значение2psbo 1aГребенюкbР.В.f1913-gРаиса Васильевна 140707ca8rusaЧировbП. А.f1938-2006gПавел Абрамович3RU\NLR\AUTH\770247845 1aКадышеваbА.М.gАнна Максимовна 0aRUbNLRgpsbo 1aRUbELAR2rusmarc aNLRj72-5/3885